000 00610nam a2200229Ia 4500
003 OSt
005 20230525160512.0
008 210423s2010 xx 000 0 und d
020 _a978-1-107-60396-7
040 _cAL
041 _aeng
082 _a516.36
_223
_bBARE
100 _aBAR (Christian)
_9114274
245 _aElementary differential geometry
260 _aNew Delhi
_bCambridge University Press
_c2010
300 _axii,317
_bPB
365 _b495
_cINR
650 _aGeometry
_9114275
650 _aMathematics
_9114276
906 _adifferential ; Elementary ; geometry
942 _2ddc
_cBK
999 _c167406
_d167406